000 03012cam a2200469Ii 4500
001 940758892
003 OCoLC
005 20210411105837.0
008 160224s2016 nyua b 001 0 eng d
020 _a9781259584756
_q(pbk. ;
_qalk. paper)
020 _a1259584755
_q(pbk. ;
_qalk. paper)
035 _a(OCoLC)940758892
040 _aGTA
_beng
_cGTA
_dGTA
043 _an-us---
049 _aYYEA
_aVZYM
080 _a614
_bB-69
096 _aWA 540 AA1 B65u 2016
100 1 _aBodenheimer, Thomas.
245 1 0 _aUnderstanding health policy :
_ba clinical approach /
_cThomas Bodenheimer, Kevin Grumbach.
250 _a7th ed.
260 _aNew York :
_bMcGraw-Hill Medical,
_c2016.
300 _avii, 225 p. :
_bcol. ill. ;
_c24 cm.
500 _aAt head of title: A Lange medical book.
500 _aEINSTEIN: also available online via AccessMedicine. See Reference staff for assistance.
500 _aMMC: available online via AccessMedicine. See staff for assistance.
504 _aIncludes bibliographical references and index.
505 0 0 _tIntroduction: the paradox of excess and deprivation --
_tPaying for health care --
_tAccess to health care --
_tPaying health care providers --
_tHow health care is organized-I: Primary, secondary, and tertiary care --
_tHow health care is organized-II: Health delivery systems --
_tHealth care workforce and the education of health professionals --
_tPainful versus painless cost control --
_tMechanisms for controlling costs --
_tQuality of health care --
_tPrevention of illness --
_tLong-term care --
_tMedical ethics and rationing of health care --
_tHealth care in four nations --
_tHealth care reform and national health insurance --
_tConflict and change in America's health care system --
_tConclusion: tensions and challenges --
_tQuestions and discussion topics.
520 _aExpert practitioners in both the public and private healthcare sectors, the authors cover the entire scope of our healthcare system. From the concepts behind policy decisions to concrete examples of how they affect patients and professionals alike. Understanding Health Policy, 6e makes otherwise difficult concepts easy to understand.so you can make better decisions, improve outcomes, and enact positive change on a daily basis.
590 _ac.1 10070291 Ritt 3//14/16 $53.00.
650 2 _aHealth Policy.
650 2 _aHealth Care Costs.
650 2 _aHealth Care Rationing.
650 2 _aNational Health Programs.
653 _aჯანდაცვა
653 _aჯანდაცვის პოლიტიკა
655 7 _aElectronic books.
700 1 _aGrumbach, Kevin.
710 2 _aAccessMedicine (Online Service)
856 4 0 _3AccessMedicine
_uhttps://elibrary.einsteinmed.org/login?url=https://accessmedicine.mhmedical.com/book.aspx?bookid=1790
_zEINSTEIN: AccessMedicine ebook collection
856 4 1 _3AccessMedicine
_uhttps://accessmedicine.mhmedical.com/book.aspx?bookid=1790
_zMMC: AccessMedicine ebook collection
942 _2udc
_cBK
_e7
999 _c55
_d55